Представление документа в формате MARC21

ПолеНазваниеЗначение
  Тип записи a
  Библиографический уровень m
001 Контрольный номер RU\infra-m\znanium\bibl\2241181
005 Дата корректировки 20260429142154.2
008 Кодируемые данные 260130s2026 RU g rus u
020 Индекс ISBN __
a ISBN 978-5-16-021885-4
020 Индекс ISBN __
a ISBN 978-5-16-110010-3 (электр. издание)
040 Источник каталогиз. __
a Служба первич. каталог. Общество с ограниченной ответственностью «ЗНАНИУМ»
041 Код языка издания __
a Код языка текста rus
044 Код страны публикации __
a Код страны публикации RU
080 Индекс УДК __
a Индекс УДК 02(075.8)
084 Индекс другой классификации/Индекс ББК __
2 Источник индекса rubbk
a Индекс другой классификации/Индекс ББК 78.30я73
084 Индекс другой классификации/Индекс ББК __
2 Источник индекса okso
a Индекс другой классификации/Индекс ББК 51.03.06
084 Индекс другой классификации/Индекс ББК __
2 Источник индекса okso
a Индекс другой классификации/Индекс ББК 51.04.06
100 Автор __
a Автор Алешин Л.И.
q Полное имя Алешин Леонид Ильич
u Дополнение Московский государственный институт культуры
245 Заглавие __
a Заглавие Материально-техническая база библиотек
b Продолж. заглавия Учебное пособие
c Ответственность Московский государственный институт культуры
250 Сведения об издании __
a Основные сведения об издании 1
260 Выходные данные __
a Место издания Москва
b Издательство ООО "Научно-издательский центр ИНФРА-М"
c Дата издания 2026
300 Физическое описание __
a Объем 448 с.
440 Серия __
a Серия Высшее образование
520 Аннотация __
a Аннотация В учебном пособии рассматривается материально-техническая база библиотек. Отражаются теоретические и практические аспекты проблемы связанные с проектированием зданий библиотек их инженерной инфраструктурой транспортными средствами мебелью аудиовидеотехническими средствами безопасностью телекоммуникациями и копировально-множительной техникой в библиотеке. Для студентов аспирантов и преподавателей библиотечно-информационного и строительно-дизайнерского профиля а также специалистов других профессий принимающих участие в строительстве оснащении и эксплуатации библиотек. Может быть полезно для библиотекарей и информационных работников.
521 Примеч. о цел. назн. __
a Примеч. о целев. назн. ВО - Бакалавриат
650 Тематические рубрики __
a Основная рубрика Архитектура. Искусство
x Основная подрубрика Библиотечное дело. Библиотековедение
655 Указ. предметных рубрик (устаревшее) __
a Жанр/ форма (устаревшее) Учебное пособие
856 Электронный адрес документа 4_
a Имя сервера/домена znanium.ru
m Помощь ebs_support@infra-m.ru
n Местонахождение сервера НИЦ ИНФРА-М
u URL https://znanium.ru/catalog/document?id=477479
856 Электронный адрес документа 48
a Имя сервера/домена znanium.ru
d Путь /cover/2241
f Электронное имя 2241181.jpg
q Тип электронного формата image/jpeg
u URL https://znanium.ru/cover/2241/2241181.jpg
911 __
u 0030=https://znanium.ru/catalog/document?id=477479